000 00607 a2200205 4500
003 Nust
005 20221229130433.0
010 _a 73090293
020 _a0672209810
040 _cNust
082 0 0 _a621.388,SAM
110 2 _aHoward W. Sams & Co.
_9106373
245 1 0 _aPhotofact television course /
_cby the Howard W. Sams editorial staff.
250 _a[4th ed.]
260 _aIndianapolis
_c[1974]
_bHoward w.sams
300 _a208 p.
_billus.
_c28 cm.
505 _aBeam Formation and Control (Page-1), Beam Modulation and Synchronization (Page-85).
650 0 _aTelevision.
942 _2ddc
_cBK
999 _c183245
_d183245